000 00623nam a2200205 i 4500
001 130177
003 ES-MaACL
005 20231027063025.0
007 t|
008 070723s1971 sp ||||1| spa d
100 1 _aZweig, Stefan,
_d1881-1942
_9118562
245 1 0 _aOcaso de un corazón /
_cStefan Zweig ; [traducción Rosa Curiá].
260 _aBarcelona :
_bMateu,
_c[1971]
300 _a189 p. ;
_c17 cm.
490 1 _aEl Escarabajo de Oro ;
_v2
700 1 _aCuriá, Rosa.
_942208
830 0 _aEl Escarabajo de Oro ;
_v2
_9186806
852 _aES-MaACL
_jC-40877
_bR.79044
999 _c130177
_d130177